00658nam a2200229Ia 4500003000900000008004100009040001300050040001300063041000800076100002000084245002100104250001100125260001200136260000900148300001100157300001200168490002100180490000600201942000700207999001700214952019700231IT-RoPAU120407s9999 xx 000 0 und d aIT-RoPAU cIT-RoPAU aita aMarcel Lefebvre aUn vescovo parla aMilano aRusconi c1975 a229 p. c18,5 cm aProblemi attuali v1 cBK c29581d29581 00102ddc406208_40190000000000071aPAULUSbPAULUSd2012-04-11l0o208.4019r2012-04-11 00:00:00w2012-04-11yBKzInserito da: Jole In data: 30 luglio 2011 fondo: Via A.Severo 56 Progr:36083